000 01972cam a2200433 i 4500
001 EDZ0000988980
003 StDuBDS
005 20161031105256.0
006 m||||||||d||||||||
007 cr |||||||||||
008 141203s2015 caua fob 001|0|eng|d
020 _a9781483345758 (ebook) :
_cNo price
040 _aStDuBDS
_beng
_cStDuBDS
_erda
_epn
049 _aAlfaisal Main Library
050 4 _aRC254.5
082 0 4 _a616.994003
_223
245 0 4 _aThe SAGE encyclopedia of cancer and society /
_cedited by Graham A. Colditz.
246 3 0 _aEncyclopedia of cancer and society
246 3 0 _aCancer and society
250 _aSecond edition.
264 1 _aThousand Oaks, California :
_bSAGE Publications,
_c2015.
300 _a1 online resource :
_billustrations (black and white)
336 _atext
_2rdacontent
336 _astill image
_2rdacontent
337 _acomputer
_2rdamedia
338 _aonline resource
_2rdacarrier
504 _aIncludes bibliographical references and index.
520 8 _aThe first edition of the 'Encyclopedia of Cancer and Society' was published in 2007 and received a 2008 Editors' Choice Award from Booklist. It served as a general, non-technical resource focusing on cancer from the perspective of the social and behavioural sciences. Developments in the field merit this updated and more current second edition that addresses concerns pertaining to this topic.
521 _aSpecialized.
588 _aDescription based on online resource; title from home page (viewed on November 12, 2015).
650 0 _aCancer
_vEncyclopedias.
650 0 _aCancer
_xSocial aspects
_vEncyclopedias.
655 7 _aElectronic books.
_2local
700 1 _aColditz, Graham A.,
_eeditor.
710 2 _aSage eBooks
776 0 8 _iPrint version :
_z9781483345734
856 4 0 _uhttp://ezproxy.alfaisal.edu/login?url=http://sk.sagepub.com/reference/the-sage-encyclopedia-of-cancer-and-society-second-edition
942 _2lcc
_cEBOOKS
999 _c483284
_d483284